Tous les pays qui ont gagné vainqueurs de l'Euro - Statistiques

Statistiques générales
  • Ce quiz a été pris 85 fois
  • Le résultat moyen est 16 sur 17
Statistiques - réponses
Hint Réponse % Correct
2024 Espagne
100%
2012 Espagne
100%
2008 Espagne
100%
1964 Espagne
100%
2020 Italie
100%
1968 Italie
100%
2016 Portugal
100%
1996 Allemagne
99%
1980 Allemagne
99%
1972 Allemagne
99%
2000 France
99%
1984 France
99%
2004 Grèce
93%
1988 Pays Bas
91%
1960 URSS
72%
1992 Danemark
70%
1976 Tchécoslovaquie
58%
Aucun quiz correspondant
Distribution des résultats
% des personnes avec chaque résultat
Percentile par nombre de réponses
Votre historique - résultats
Vous n’avez pas pris ce quiz